LEADER 00872cam0-22002891i-450- 001 990006206450403321 005 19980601 035 $a000620645 035 $aFED01000620645 035 $a(Aleph)000620645FED01 035 $a000620645 100 $a19980601d1991----km-y0itay50------ba 101 1 $afre 102 $aFR 105 $ay-------001yy 200 1 $aIslamisme, laicite et droits de l'homme$eun siecle de debat sans cesse reporté au sein de la pensée arabe contemporaine$fMohamed-Cherif Ferjani 210 $aParis$cL'Harmattan$d1991 215 $a397 p.$d21 cm 676 $a323$v20$zita 700 1$aFerjani,$bMohamed-Cherif$0235055 801 0$aIT$bUNINA$gRICA$2UNIMARC 901 $aBK 912 $a990006206450403321 952 $aX A 265$b26213*$fFGBC 959 $aFGBC 996 $aIslamisme, laicite et droits de l'homme$9648125 997 $aUNINA